000
00339nam a2200121Ia 4500
003
GCL
008
140319s9999 xx 000 0 ara d
040
_a
GCL /
_c
GCL
082
0
4
_a
م
_b
541.03
_b
ا م
245
1
0
_a
معجم الكيمياء والصيدلة
260
_a
[S.N] :
_b
مجمع اللغة العربية ،
_c
1983
300
_a
240 ص
999
_c
59581
_d
59581